000 00613nam a2200205Ia 4500
008 131103s9999 xx 000 0 und d
020 _cRs. 8.25
040 _aLoreto College
041 _aEnglish
082 _a915/WAD
_bLCBED/2604
100 _aWadia, Meher D.N
245 _aMinerals of India
_cMeher D.NWadia and D.N.Wadia
260 _aNew Delhi
_bNational Book Trust, India
_c1966
300 _ax, 199 p.
_b ill., charts, fig., maps.
_c 20 cm.
440 _aIndia - The Land and people
504 _aIncludes bibliographies and index
650 _aGeography
850 _aLCBED/915/WAD
942 _cBK
999 _c29111
_d79590